Top 30 Biggest Countries By Size Quiz - Statistics

General Stats
  • This quiz has been taken 151 times
    50 since last reset
  • The average score is 26 of 30
Answer Stats
Answer % Correct
1: Russia
100%
6: Australia
98%
5: Brazil
98%
2: Canada
98%
3: China
98%
9: Kazakhstan
98%
4: United States
98%
8: Argentina
93%
7: India
93%
14: Mexico
93%
19: Mongolia
93%
10: Algeria
91%
22: Niger
89%
13: Saudi Arabia
89%
15: Indonesia
86%
18: Iran
86%
17: Libya
86%
21: Chad
84%
26: Columbia
84%
30: Egypt
82%
25: South Africa
82%
11: Dominican Republic Of Congo
80%
27: Ethiopia
80%
20: Peru
80%
16: Sudan
80%
24: Mali
77%
29: Mauritania
77%
23: Angola
73%
12: Greenland
70%
28: Bolivia
64%
No matching quizzes found
Score Distribution
Percent of People with Each Score
Percentile by Number Answered
Your Score History
You have not taken this quiz since the last reset